Vico Magistretti : l' eleganza della ragione

Αποθηκεύτηκε σε:
Λεπτομέρειες βιβλιογραφικής εγγραφής
Κύριος συγγραφέας: Magistretti, Vico 1920-
Άλλοι συγγραφείς: Pasca, Vanni (Επιμελητής έκδοσης), Lupi, Italo (Διακοσμητής χειρογράφου)
Μορφή: Βιβλίο
Γλώσσα:Italian
Δημοσίευση: Milano : Idea Books, c1991
Θέματα:
Ετικέτες: Προσθήκη ετικέτας
Δεν υπάρχουν, Καταχωρήστε ετικέτα πρώτοι!

MARC

LEADER 00000cam a2200000 i 4500
001 1/27501
008 020918s1991 ita d
020 |a 88-7017-082-9 
035 |l 10068446 
040 |a GR-MY-UA  |b gre  |e aacr 
041 0 |a ita 
082 0 |a 749.092  |2 (22) 
100 1 |a Magistretti, Vico  |d 1920- 
245 1 0 |a Vico Magistretti :  |b l' eleganza della ragione /  |c Vico Magistretti ; a cura di Vanni Pasca ; progetto grafico: Italo Lupi 
260 |a Milano :   |b Idea Books,   |c c1991 
300 |a 126 σ.;  |b εικ. (μερ. έγχρ.);  |c 29 εκ. 
504 |a Βιβλιογραφία: (σ. 126) 
600 1 0 |a Magistretti Vico  |d 1920-  |x Critisism and interpretation. 
650 0 0 |a Furniture design  |z Italy  |x History  |y 20th century. 
700 1 |a Pasca, Vanni.  |4 edt 
700 1 |a Lupi, Italo.  |4 ilu 
852 |a INST  |b SYROS  |e 20020918  |h 749.092 MAG  |p 005500000148  |q 005500000148  |t BK  |y 0 
901 |a BIBL5-2002-3 
909 |a Ε  |b 089012 
970 |a ΚΟΝΤΟΥ  |b ΠΑΡΑΣΚΕΥΗ  |z 2002/09/18